| 000 | 00510nam a2200193 4500 | ||
|---|---|---|---|
| 003 | LK-CoMWRAF | ||
| 005 | 20230913224838.0 | ||
| 008 | 230913b1967 |||||||| |||| 00| 0 eng d | ||
| 040 |
_aLK-CoMWRAF _dLK-CoMWRAF _eLK-CoMWRAF |
||
| 041 | _aeng | ||
| 082 |
_a297.122 _bMAU |
||
| 100 | _aMaudūdī, Abul A la | ||
| 245 | _aThe Meaning of the Quran | ||
| 260 |
_aLahore : _bIslamic Publications, _c1967 |
||
| 300 | _av. : maps ; 25 cm. | ||
| 490 | _aVolume 2 | ||
| 650 | _aQuran -- Commentaries | ||
| 942 | _cBK | ||
| 999 |
_c3559 _d3559 |
||